000
00302nam a22001337a 4500
008
170721b xxu||||| |||| 00| 0 eng d
020
_a
9780071605526
041
_a
eng
080
_a
004
100
_a
28
101
_a
SHKI
245
_a
SOA-BASED ENTERPRISE INTEGRATION
_c
ROSHEN, W
942
_2
udc
_c
BK
999
_c
21685
_d
21685